00625nam a22002057a 450000500170000001000150001702000260003202000230005803500130008103700130009408200110010710000230011824500950014126000390023627000420027530000330031750000220035070000290037270000180040120130515120921.0 aENG-107155 a9781259006043c895.00 a1259006042c895.00 aEN-90688 bDBAD/PUB a621.89 aGhosh, Mihir Kumar aTheory of lubrication /cby Mihir Kumar Ghosh, Bankim Chandra Majumdar [and] Mihir Sarangi aNew DelhibTata McGraw-Hill c2013 a7 West Patel NagarbNew Delhie110008 axvii,472p :bill.c24cm(pbk) a Includes index. aMajumdar, Bankim Chandra aSarangi,Mihir